[Event "Greifswald Springer op"]
[Site "Greifswald"]
[Date "2022.10.09"]
[Round "3"]
[White "Loayza, Ignacio"]
[Black "Abt, Martin"]
[Result "0-1"]
[WhiteElo "1549"]
[BlackElo "1496"]
[PlyCount "102"]
[EventDate "2022.10.08"]
[EventType "swiss"]
[EventRounds "7"]
[EventCountry "GER"]
[SourceTitle "CBM 210 Extra"]
[Source "ChessBase"]
[SourceDate "2022.11.30"]
[SourceVersion "1"]
[SourceVersionDate "2022.11.30"]
[SourceQuality "1"]

1. d4 d5 2. c4 e6 3. Nc3 a6 4. e3 dxc4 5. Bxc4 b5 6. Bd3 Bb7 7. Nf3 Nf6 8. 0-0 Be7 9. b3 Nc6 10. Bb2 Nb4 11. Be2 0-0 12. a3 Nbd5 13. b4 Nxc3 14. Bxc3 Ne4 15. Bb2 Qd5 16. Qd3 Bd6 17. Ne1 Qg5 18. Bf3 f5 19. g3 Bd5 20. Qc2 Rf6 21. Ng2 Rg6 22. Kh1 Rh6 23. Nf4 Bb7 24. Kg2 Re8 25. Nd3 Bd5 26. Nf4 Bc4 27. Be2 Bxe2 28. Qxe2 Rh4 29. f3 Nf6 30. Nd3 f4 31. exf4 Bxf4 32. Nxf4 Rxf4 33. Qe5 Rf5 34. Qxc7 Nd5 35. Qc6 Re7 36. Bc1 Qf6 37. g4 Qg6 38. Qxa6 h5 39. h3 hxg4 40. hxg4 Nf6 41. Kh3 Nxg4 42. Qa8+ Re8 43. Qe4 Nf6 44. Qh4 Rh5 45. Bg5 Rxh4+ 46. Bxh4 Kf7 47. Rac1 Nd5 48. Rg1 Qf5+ 49. Kh2 Rh8 50. Rg4 Qxf3 51. Rcg1 Qf2+ 0-1

[Event "Greifswald Springer op"]
[Site "Greifswald"]
[Date "2022.10.08"]
[Round "1"]
[White "Loayza, Ignacio"]
[Black "Nittel, Christian"]
[Result "1/2-1/2"]
[WhiteElo "1549"]
[BlackElo "1810"]
[PlyCount "48"]
[EventDate "2022.10.08"]
[EventType "swiss"]
[EventRounds "7"]
[EventCountry "GER"]
[SourceTitle "CBM 210 Extra"]
[Source "ChessBase"]
[SourceDate "2022.11.30"]
[SourceVersion "1"]
[SourceVersionDate "2022.11.30"]
[SourceQuality "1"]

1. d4 d5 2. c4 c6 3. e3 e6 4. Nf3 f5 5. Bd3 Nf6 6. 0-0 Bd6 7. cxd5 exd5 8. Nc3 0-0 9. Ne2 Ne4 10. Bc2 Nd7 11. Nf4 Qe7 12. a3 Rf6 13. Qe1 Rh6 14. h4 Nf8 15. g3 Ne6 16. Nd3 g5 17. hxg5 N6xg5 18. Nfe5 Bxe5 19. Nxe5 Bd7 20. Kg2 Be8 21. f3 Nd6 22. Rh1 Rxh1 23. Qxh1 Ngf7 24. f4 Ne4 1/2-1/2

[Event "DSOL 07 Liga Gr-B 1st"]
[Site "Playchess.com INT"]
[Date "2020.08.14"]
[Round "2.4"]
[White "Eschweiler, Martin"]
[Black "Loayza, Ignacio"]
[Result "1-0"]
[WhiteElo "1591"]
[BlackElo "1000"]
[PlyCount "87"]
[EventDate "2020.06.22"]
[EventType "team-tourn (rapid)"]
[EventCountry "GER"]
[SourceTitle "EXT 2021"]
[Source "ChessBase"]
[SourceDate "2020.10.23"]
[SourceVersion "1"]
[SourceVersionDate "2020.10.23"]
[SourceQuality "1"]
[WhiteTeam "Stadtilm Blau Weiss"]
[BlackTeam "Chemnitz USG II"]
[WhiteTeamCountry "GER"]
[BlackTeamCountry "GER"]

1. d4 g6 2. Bf4 Bg7 3. e3 d6 4. Nf3 Nf6 5. h3 0-0 6. Be2 Nc6 7. 0-0 Nd5 8. Bh2 Bf5 9. c4 Nb6 10. Nc3 e5 11. d5 Ne7 12. e4 Bd7 13. b4 Rc8 14. c5 Na8 15. a4 c6 16. cxd6 cxd5 17. dxe7 Qxe7 18. Nxd5 Qe8 19. b5 Rd8 20. Rc1 Be6 21. Bc4 Nb6 22. Qb3 Nxc4 23. Qxc4 Bxd5 24. exd5 Rd7 25. Rfe1 f6 26. Nd4 Qf7 27. Ne6 Re8 28. Rcd1 Bf8 29. Bg3 Bd6 30. f3 g5 31. Bf2 Bb8 32. Qe4 Rd6 33. Bc5 Rd7 34. Qe3 b6 35. Ba3 Bd6 36. Bxd6 Rxd6 37. Qc3 Re7 38. Re4 h6 39. Qb3 Red7 40. Rc4 Kh7 41. Rc8 f5 42. Nf8+ Kg7 43. Nxd7 Qxd7 44. Qc2 1-0